| 000 | 00537nam a22001817a 4500 | ||
|---|---|---|---|
| 005 | 20230520022531.0 | ||
| 008 | 221114b |||||||| |||| 00| 0 eng d | ||
| 020 | _a978-1-98462-286-0 | ||
| 082 | _a005.7565 T531 2019 | ||
| 110 |
_a3G Elearning _eauthor |
||
| 245 |
_aBasic computer coding: _bSQL / _c3G Elearning |
||
| 260 |
_aNew York: _b3G Elearning, _cc2019. |
||
| 300 |
_axi, 227p.: _bill. |
||
| 504 | _aIncludes index and references | ||
| 541 | _e6240 | ||
| 650 | _aSQL (Computer program language) | ||
| 650 | _aDatabase management | ||
| 999 |
_c212 _d212 |
||